000 00507nam a2200169 i 4500
001 66330
003 ES-MaACL
005 20230906165612.0
007 t|
008 040203s1913 fr ||||1| fre d
100 1 _aGalien.
_953415
245 1 0 _aTraité des passions de l'ame et ses erreurs /
_cpar Galien ; traduction francaise par Robert van der Elst.
260 _aParis :
_bFermin Didot,
_c[1913]
300 _a145 p. ;
_c25 cm.
700 1 _aElst, Robert van der.
_947106
852 _aES-MaACL
_jF-9646
999 _c66330
_d66330